Analýza procesu jednoosového stláčania farmaceutických substancií

Guardado en:
Detalles Bibliográficos
Autor principal: Guštafík, Adam (Autor)
Otros Autores: Peciar, Peter (Orientador)
Formato: Manuscrito Libro
Lenguaje:eslovaco
Publicado: 2019
Materias:
Acceso en línea:http://is.stuba.sk/zp/portal_zp.pl?podrobnosti=144833
Etiquetas: Agregar Etiqueta
Sin Etiquetas, Sea el primero en etiquetar este registro!

MARC

LEADER 00000ntm a22000003a 4500
001 stuzp71516
003 SK-STU
005 20190608210756.3
007 ta
008 150427s2015----xo-----f-mn---000-0-slo-d
040 |a STU  |b slo 
041 0 |a slo 
100 1 |a Guštafík, Adam  |u 020040  |k Z4  |4 aut  |U SjF Strojnícka fakulta  |T SjF Ústav procesného inžinierstva  |X 54454  |U J0040  |Y 807  |7 54454 
242 0 1 |a Analysis of the process of uniaxial compression of pharmaceutical substances  |y eng 
245 1 0 |a Analýza procesu jednoosového stláčania farmaceutických substancií 
260 |c 2019 
650 4 |a partikulárna látka  |2 slo 
650 4 |a Avicel PH-102  |2 slo 
650 4 |a stlačiteľnosť  |2 slo 
650 4 |a tabletovanie  |2 slo 
650 4 |a Heckelova rovnica  |2 slo 
650 4 |a pevnosť tabliet  |2 slo 
650 4 |a tabletting  |2 eng 
650 4 |a Heckel equation  |2 eng 
650 4 |a Avicel PH-102  |2 eng 
650 4 |a particulate material  |2 eng 
650 4 |a compressibility  |2 eng 
650 4 |a strength of the tablet  |2 eng 
700 1 |a Peciar, Peter  |u 020040  |k Z1  |4 ths  |U SjF Strojnícka fakulta  |T SjF Ústav procesného inžinierstva  |X 41013  |U J0040  |Y 807  |7 A000041013 
856 4 |u http://is.stuba.sk/zp/portal_zp.pl?podrobnosti=144833 
996 |b 284J045981  |c J* 3091/DDP  |l JJSK  |s A  |a 24  |w stuzp71516_0001